The copyright & new media law newsletter

Bibliographic Details
Other Authors: Harris, Lesley Ellen
Format: Electronic Journal
Language:English
Published: Toronto, Canada : Handshake Productions, ©1997-
Washington, DC : Handshake Productions
Washington, DC : Copyrightlaws.com
Austin, TX : Digital Information Law
Subjects:
Online Access:Full text available from Research Library: 04/01/1997 to 12/31/2017

MARC

LEADER 00000nas a2200000 a 4500
001 ssj0011196
003 WaSeSS
005 20200512172242.0
006 m d
007 cr n
008 971120c19979999txuqx p s o 0 a0eng
010 |a cn 97302236  
015 |a 01952160X  |2 dnb 
015 |a 973022361  |2 can 
016 7 |a 1458741-5  |2 DE-600 
016 7 |a 100887270  |2 DNLM 
016 |a (AMICUS)000016909436 
016 |a 973022361 
022 |l 1206-8586  |y 1206-8586 
035 |a (WaSeSS)ssj0011196 
040 |a NLC  |b eng  |c NLC  |d HVL  |d DLC  |d MXC  |d NLM  |d NSD  |d OCLCQ  |d GBVCP  |d INU  |d OCLCF  |d OCLCO  |d OCL  |d OCLCO  |d DLC  |d OCLCQ  |d OCLCO  |d OCLCQ  |d NLC  |d OCLCQ  |d FML  |d WaSeSS 
042 |a nlc  |a isds/c 
043 |a n-cn---  |a n-us--- 
050 0 0 |a K1411.2  |b .C655 
055 1 |a K1411.2 
055 0 7 |a PER.REG.1997.359 
082 1 |a 341.7  |2 13 
210 0 |a Copyr. new media law newsl. 
222 0 |a Copyright & new media law newsletter 
245 0 4 |a The copyright & new media law newsletter  |h [electronic resource]. 
246 3 |a Copyright and new media law newsletter 
246 3 |a Copyright & new medialaw newsletter 
246 1 |i Issue s for <2015 - have title:  |a Copyright & new media law 
260 |a Toronto, Canada :  |b Handshake Productions,  |c ©1997- 
260 2 |3 1999-<2003> :  |a Washington, DC :  |b Handshake Productions 
260 2 |3 <2013-<2014 :  |a Washington, DC :  |b Copyrightlaws.com 
260 3 |3 <2015-  |a Austin, TX :  |b Digital Information Law 
310 |a Four times a year,  |b 2000- 
321 |a Three times a year,  |b 1997-1999 
362 0 |a Vol. 1, issue 1 (spring 1997)- 
500 |a Edited by Lesley Ellen Harris. 
500 |a "For librarians & Information specialists," 1997-1998; "For librarians & information professionals," 1999; "For libraries, archives & museum," 2000-<2003> 
506 |a License restrictions may limit access. 
515 |a Vols. for 1999- lack a seasonal designation. 
588 |a Description based on: Vol. 1, issue 1 (spring 1997); title from caption. 
588 |a Latest issue consulted: Vol. 19, issue 2 (summer 2015) (surrogate). 
650 0 |a Copyright  |v Periodicals. 
650 0 |a Librarians  |v Handbooks, manuals, etc. 
650 0 |a Copyright  |z Canada  |v Periodicals. 
650 0 |a Copyright  |z United States  |v Periodicals. 
650 2 |a Copyright. 
650 7 |a Copyright.  |2 fast  |0 (OCoLC)fst00878706 
650 7 |a Librarians.  |2 fast  |0 (OCoLC)fst00997301 
651 7 |a Canada.  |2 fast  |0 (OCoLC)fst01204310 
651 7 |a United States.  |2 fast  |0 (OCoLC)fst01204155 
655 0 |a Electronic journals. 
700 1 |a Harris, Lesley Ellen. 
776 0 8 |i Also issued in electronic format as:  |t Copyright and new media legal news  |x 1206-8675  |w (DLC)cn 97301829  |w (OCoLC)37295853 
850 |a DLC  |a MH-L 
856 4 0 |z Full text available from Research Library: 04/01/1997 to 12/31/2017  |u https://search.proquest.com/publication/44187